{"text_format":"3","workbook":"xlsx","n_sheets":2,"sheets":["Sheet1","Лист1"],"read":"whole","date_system":"1900"}

{"sheet":"Sheet1","index":0,"n_rows":25,"n_cols":12,"rows_kept":25}
[]
[null,"     г. Бухара ",{"$nulls":6},"                                            27.09.2024 года"]
[null,"                                         Расчёты актуальны в течении 10 календарных дней."]
[]
[null,"КОММЕРЧЕСКОЕ ПРЕДЛОЖЕНИЕ"]
[]
[null,"№","Наименование ","Кол-во","Цена в долларах и суммах","Стоимость в суммах за ед.","Сумма без НДС","Сумма с НДС","Сумма",null,null,"Трипот 350"]
[null,1,"DS-2CD2483G2-I    2.8MM",5,71.34,{"$f":"E8*13000","v":{"v":927420,"d":"927,420.00"}},{"$f":"F8*D8","v":{"v":4637100,"d":"4,637,100.00"}},{"$f":"G8*12%","v":{"v":556452,"d":"556,452.00"}},{"$f":"G8+H8","v":{"v":5193552,"d":"5,193,552.00"}},null,null,"Фейс айди 120"]
[null,2,"WD PURPLE 10TB",12,215,{"$f":"E9*13000","v":{"v":2795000,"d":"2,795,000.00"}},{"$f":"F9*D9","v":{"v":33540000,"d":"33,540,000.00"}},{"$f":"G9*12%","v":{"v":4024800,"d":"4,024,800.00"}},{"$f":"G9+H9","v":{"v":37564800,"d":"37,564,800.00"}},null,null,"фейс держак 40"]
[null,3,"DS-7616NI-Q1",1,56.29,{"$f":"E10*13000","v":{"v":731770,"d":"731,770.00"}},{"v":731770,"d":"731,770.00"},{"v":87812.4,"d":"87,812.40"},{"v":819582.4,"d":"819,582.40"},null,null,"Екзит 10"]
[null,4,"DS-XS10-P",2,23.34,{"$f":"E11*13000","v":{"v":303420,"d":"303,420.00"}},{"v":606840,"d":"606,840.00"},{"v":72820.8,"d":"72,820.80"},{"v":679660.8,"d":"679,660.80"},null,null,"Магнит 30"]
[null,5,"Кабель сетевой","50 м.",{"v":6500,"d":"6,500"},{"v":6500,"d":"6,500.00"},{"$f":"F12*50","v":{"v":325000,"d":"325,000.00"}},{"v":39000,"d":"39,000.00"},{"v":364000,"d":"364,000.00"},null,null,"Работа 100"]
[null,6,"коробка","5 шт",{"v":13000,"d":"13,000"},{"v":13000,"d":"13,000.00"},{"$f":"5*13000","v":{"v":65000,"d":"65,000.00"}},{"v":7800,"d":"7,800.00"},{"v":72800,"d":"72,800.00"}]
[null,7,"HDMI"," Комплект (5 м.)",{"v":60000,"d":"60,000"},{"v":60000,"d":"60,000.00"},{"v":60000,"d":"60,000.00"},{"v":7200,"d":"7,200.00"},{"v":67200,"d":"67,200.00"}]
[null,null,"Итого:",{"$nulls":3},{"$f":"SUM(G8:G14)","v":{"v":39965710,"d":"39,965,710.00"}},null,{"$f":"SUM(I8:I14)","v":{"v":44761595.199999996,"d":"44,761,595.20"}}]
[]
[{"$nulls":10},"17,04,2025"]
[null,"№","Наименование ","Кол-во","Цена в долларах и суммах","Стоимость в суммах за ед.","Сумма без НДС","Сумма с НДС","Сумма","Услуга   10%","Итого:"]
[null,null,"Трипот",1,350,{"$f":"E19*13000","v":{"v":4550000,"d":"4,550,000.00"}},{"$f":"F19*D19","v":{"v":4550000,"d":"4,550,000.00"}},{"$f":"G19*12%","v":{"v":546000,"d":"546,000.00"}},{"$f":"G19+H19","v":{"v":5096000,"d":"5,096,000.00"}},{"$f":"I19*10%","v":{"v":509600,"d":"509,600.00"}},{"$f":"I19+J19","v":{"v":5605600,"d":"5,605,600.00 "}}]
[null,null,"Фейс Айди",1,120,{"$f":"E20*13000","v":{"v":1560000,"d":"1,560,000.00"}},{"$f":"F20*D20","v":{"v":1560000,"d":"1,560,000.00"}},{"$f":"G20*12%","v":{"v":187200,"d":"187,200.00"}},{"$f":"G20+H20","v":{"v":1747200,"d":"1,747,200.00"}},{"$f":"I20*10%","v":{"v":174720,"d":"174,720.00"}},{"$f":"I20+J20","v":{"v":1921920,"d":"1,921,920.00 "}}]
[null,null,"Фейс держак",1,40,{"v":520000,"d":"520,000.00"},{"v":520000,"d":"520,000.00"},{"v":62400,"d":"62,400.00"},{"v":582400,"d":"582,400.00"},{"v":58240,"d":"58,240.00"},{"v":640640,"d":"640,640.00 "}]
[null,null,"Экзит",1,10,{"v":130000,"d":"130,000.00"},{"v":130000,"d":"130,000.00"},{"v":15600,"d":"15,600.00"},{"v":145600,"d":"145,600.00"},{"v":14560,"d":"14,560.00"},{"v":160160,"d":"160,160.00 "}]
[null,null,"Магнит",1,30,{"v":390000,"d":"390,000.00"},{"v":390000,"d":"390,000.00"},{"v":46800,"d":"46,800.00"},{"v":436800,"d":"436,800.00"},{"v":43680,"d":"43,680.00"},{"v":480480,"d":"480,480.00 "}]
[null,null,"Работа",1,100,{"v":1300000,"d":"1,300,000.00"},{"v":1300000,"d":"1,300,000.00"},{"v":156000,"d":"156,000.00"},{"v":1456000,"d":"1,456,000.00"},{"v":145600,"d":"145,600.00"},{"v":1601600,"d":"1,601,600.00 "}]
[null,null,"Итого:",1,{"$nulls":6},{"$f":"SUM(K19:K24)","v":{"v":10410400,"d":"10,410,400.00 "}}]

{"sheet":"Лист1","index":1,"n_rows":19,"n_cols":12,"rows_kept":19,"merged":[[3,0,4,0],[3,1,4,3],[3,4,4,4],[3,5,4,5],[3,6,4,6],[3,7,4,8],[3,9,3,10],[3,11,4,11],[5,0,5,3],[5,7,5,8],[6,1,6,3],[6,7,6,8],[7,1,7,3],[7,7,7,8],[8,1,8,3],[8,7,8,8],[9,1,9,3],[9,7,9,8],[10,1,10,3],[10,7,10,8],[11,1,11,3],[11,7,11,8],[12,1,12,3],[12,7,12,8],[13,1,13,3],[13,7,13,8],[14,1,14,3],[14,7,14,8],[15,1,15,3],[15,7,15,8],[16,1,16,3],[16,7,16,8],[17,1,17,3],[17,7,17,8],[18,1,18,3],[18,7,18,8]]}
[]
[]
[]
["№\nп/п","Наименование товаров (работ, услуг)",null,null,"Ед.изм.","Количество","Цена","Стоимость\nпоставки",null,"НДС",null,"Стоимость поставки\nс учетом НДС"]
[{"$nulls":9},"Ставка","Сумма"]
["1",{"$nulls":3},"2",3,4,5,null,6,7,8]
[1,"Розетка 2xRJ452 port",null,null,"шт",20,{"v":52293,"d":"52,293.00"},{"$f":"F7*G7","v":{"v":1045860,"d":"1,045,860.00"}},null,{"v":12,"d":"12.00"},{"$f":"L7-H7","v":{"v":125503.20000000019,"d":"125,503.20"}},{"$f":"H7*112%","v":{"v":1171363.2000000002,"d":"1,171,363.20"}}]
[2,"Кабель UTP CAT 6","Кабель UTP CAT 6","Кабель UTP CAT 6","метр",{"v":1000,"d":"1,000"},{"v":3000,"d":"3,000.00"},{"v":3000000,"d":"3,000,000.00"},null,{"v":12,"d":"12.00"},{"v":360000.00000000047,"d":"360,000.00"},{"v":3360000.0000000005,"d":"3,360,000.00"}]
[3,"Кабель канал 100*60","Кабель канал 100*60","Кабель канал 100*60","шт",100,{"v":18000,"d":"18,000.00"},{"v":1800000,"d":"1,800,000.00"},null,{"v":12,"d":"12.00"},{"v":216000.00000000023,"d":"216,000.00"},{"v":2016000.0000000002,"d":"2,016,000.00"}]
[4,"металлическая гофра ","металлическая гофра ","металлическая гофра ","шт",100,{"v":12500,"d":"12,500.00"},{"v":1250000,"d":"1,250,000.00"},null,{"v":12,"d":"12.00"},{"v":150000.00000000023,"d":"150,000.00"},{"v":1400000.0000000002,"d":"1,400,000.00"}]
[5,"Кабель канал напольный","Кабель канал напольный","Кабель канал напольный","шт",15,{"v":29000,"d":"29,000.00"},{"v":435000,"d":"435,000.00"},null,{"v":12,"d":"12.00"},{"v":52200.00000000006,"d":"52,200.00"},{"v":487200.00000000006,"d":"487,200.00"}]
[6,"Патч-панель, Patch panel 24 port UTP Cat ","Патч-панель, Patch panel 24 port UTP Cat ","Патч-панель, Patch panel 24 port UTP Cat ","шт",2,{"v":265760,"d":"265,760.00"},{"v":531520,"d":"531,520.00"},null,{"v":12,"d":"12.00"},{"v":63782.40000000002,"d":"63,782.40"},{"v":595302.4,"d":"595,302.40"}]
[7,"Кабельные органайзеры  Ринг панель закрытый","Кабельные органайзеры  Ринг панель закрытый","Кабельные органайзеры  Ринг панель закрытый","шт",2,{"v":123300,"d":"123,300.00"},{"v":246600,"d":"246,600.00"},null,{"v":12,"d":"12.00"},{"v":29592,"d":"29,592.00"},{"v":276192,"d":"276,192.00"}]
[8,"Вентиляторный блок SNV-4-9005 ","Вентиляторный блок SNV-4-9005 ","Вентиляторный блок SNV-4-9005 ","шт",1,2467165,{"v":2467165,"d":"2,467,165.00"},null,{"v":12,"d":"12.00"},{"v":296059.8000000003,"d":"296,059.80"},{"v":2763224.8000000003,"d":"2,763,224.80"}]
[9,"Патч корд  6.1 М","Патч корд  6.1 М","Патч корд  6.1 М","шт",20,28860,{"v":577200,"d":"577,200.00"},null,{"v":12,"d":"12.00"},{"v":69264.00000000012,"d":"69,264.00"},{"v":646464.0000000001,"d":"646,464.00"}]
[10,"Патч корд 6.0,5М","Патч корд 6.0,5М","Патч корд 6.0,5М","шт",20,27400,{"v":548000,"d":"548,000.00"},null,{"v":12,"d":"12.00"},{"v":65760.00000000012,"d":"65,760.00"},{"v":613760.0000000001,"d":"613,760.00"}]
[11,"Патч корд 6,5М","Патч корд 6,5М","Патч корд 6,5М","шт",10,82200,{"v":822000,"d":"822,000.00"},null,{"v":12,"d":"12.00"},{"v":98640.00000000012,"d":"98,640.00"},{"v":920640.0000000001,"d":"920,640.00"}]
[12,"Патч корд 6,2М","Патч корд 6,2М","Патч корд 6,2М","шт",30,24800,{"v":744000,"d":"744,000.00"},null,{"v":12,"d":"12.00"},{"v":89280.00000000012,"d":"89,280.00"},{"v":833280.0000000001,"d":"833,280.00"}]
[13,"итого",{"$nulls":4},{"$f":"SUM(G7:G18)","v":{"v":3134278,"d":"3,134,278.00"}},{"$f":"SUM(H7:H18)","v":{"v":13467345,"d":"13,467,345.00"}},null,null,{"$f":"SUM(K7:K18)","v":{"v":1616081.4000000013,"d":"1,616,081.40"}},{"$f":"SUM(L7:L18)","v":{"v":15083426.400000002,"d":"15,083,426.40"}}]